EIFAC technical paper N.54 Water quality and fish health
Saved in:
| Main Author: | |
|---|---|
| Format: | Book |
| Language: | Undetermined |
| Published: |
Rome
FAO
1993
|
| Subjects: | |
| Tags: |
Add Tag
No Tags, Be the first to tag this record!
|
| Institutions: | Trung tâm Học liệu Trường Đại học Cần Thơ |
|---|
| LEADER | 00527nam a2200193Ia 4500 | ||
|---|---|---|---|
| 001 | CTU_4057 | ||
| 008 | 210402s9999 xx 000 0 und d | ||
| 082 | |a 639 | ||
| 082 | |b E34/N.54 | ||
| 100 | |a Zdenka Svobodova | ||
| 245 | 0 | |a EIFAC technical paper N.54 | |
| 245 | 0 | |b Water quality and fish health | |
| 245 | 0 | |c Zdenka Svobodova, FAO | |
| 260 | |a Rome | ||
| 260 | |b FAO | ||
| 260 | |c 1993 | ||
| 650 | |a fisheries | ||
| 904 | |i Nguyễn Quang Điền, 960530 | ||
| 980 | |a Trung tâm Học liệu Trường Đại học Cần Thơ | ||